Responses for Show #5850 - Friday, February 5, 2010

2010-A College Championship quarterfinal game 5.

Contestants

[<< previous game]

Prashant Raghavendran, a sophomore from the University of Texas, Dallas

Leah Anthony Libresco, a junior from Yale University

Lindsay Eanet, a senior from the University of Missouri

[next game >>]

Jeopardy! Round responses

NEW TESTAMENT PLACES
FILL IN THE SONG TITLE
WORLD HOLIDAYS
ANAGRAMMED UNIVERSITIES
THE MIDDLE AGES
TIME FOR THE "SAT" AGAIN!
    $200 26
John the Baptist

Leah
    $200 1
Vegas

Lindsay
    $200 6
India

Leah
    $200 16
Cambridge

Lindsay
    $200 7
gunpowder

Prashant
    $200 21
Saturn

Prashant
    $400 27
fishers of men

Leah
    $400 2
(Prashant: What is 121?)

21

LindsayPrashant
    $400 10
Ireland

Lindsay
    $400 17
Brigham Young

Prashant
    $400 8
trial by jury

Lindsay
    $400 22
satellite

Leah
    $600 28
the Sermon on the Mount

Lindsay
    $600 3
(Prashant: What is Gone Bad?)

Go Bad

LindsayPrashant
    $600 11
the Philippines

Prashant
    $600 18
Rice

Prashant
    $600 9
the Iberian Peninsula

Lindsay
    $600 23
satire

Prashant
    $800 29
Judas

Leah
    $800 4
(Leah: What is Business With You?)

Pleasure With You

Leah
Triple Stumper
    $800 12
(Prashant: What is Ethiopia?)

Egypt

Prashant
    $800 19
Georgetown

Prashant
    $800 14
Charlemagne

Prashant
    $800 24
satay

Leah
    $1000 30
(Prashant: What is Mount Carmel?)

Golgotha

Prashant
Triple Stumper
    $1000 5
Million

Triple Stumper
    $1000 13
Germany

Leah
    $1000 20
Dartmouth

Lindsay
    $1000 15
(Lindsay: Who is Leif Erikson?)

Barbarossa (Frederick I)

Lindsay
Triple Stumper
    $1000 25
saturated

Leah

Scores at the first commercial break (after clue 15):

Lindsay Leah Prashant
$1,600 $400 -$200

Scores at the end of the Jeopardy! Round:

Lindsay Leah Prashant
$3,400 $4,000 $1,400

Double Jeopardy! Round responses

CIVIL RIGHTS HEROES
FUNNY PEOPLE
NAME THAT CENTURY
NUCLEAR ENERGY
THE PRISONER
PALINDROMIC WORDS
(Alex: Words that are the same comin' and goin'.)
    $400 10
(Leah: What is Birmingham?)

Montgomery

LeahPrashant
    $400 1
(Prashant: Who is Jonah Hill?)
(Lindsay: Who is...)
(Alex: Oh, too much time, and Leah's not going to ring in to try to come up with [*].)

Seth Rogen

LindsayPrashant
Triple Stumper
    $400 8
the 19th Century

Lindsay
    $400 3
Washington

Triple Stumper
    $400 25
Bernie Madoff

Lindsay
    $400 27
pop

Leah
    $800 11
Woolworth's

Lindsay
    $800 2
Tina Fey

Leah
    $2,000 20
the 11th Century

Prashant
    $800 4
cadmium

Leah
    $800 26
ENRON

Lindsay
    $800 23
sis

Prashant
    $1200 14
(Leah: What is Selma?)

Memphis

LindsayLeah
    $1200 9
(Anna) Faris

Leah
    $1200 21
the 18th Century

Prashant
    $2,000 5
critical mass

Leah
    $1200 30
(St.) Paul

Leah
    $1200 17
noon

Lindsay
    $1600 15
Mississippi

Lindsay
    $1600 12
Stephen Colbert

Lindsay
    $1600 22
(Leah: What is the 17th Century?)
...
(Alex: Yes, happened in the 1500s.)

the 16th Century

LindsayLeah
    $1600 6
(Alex: [*]--about 80%, yes.)

France

Leah
    $1600 28
Martha Stewart

Leah
    $1600 18
level

Leah
    $2000 16
(Alex: And he later served on the Supreme Court. [*] was his name.)

Thurgood Marshall

Triple Stumper
    $2000 13
Sarah Silverman

Lindsay
    $2000 24
the 20th century

Triple Stumper
    $2000 7
tritium

Prashant
    $2000 29
(Alex: That man was the famous author, [*].)

Oscar Wilde

Triple Stumper
    $2000 19
sagas

Prashant

Scores at the end of the Double Jeopardy! Round:

Lindsay Leah Prashant
$14,600 $12,000 $9,400

Final Jeopardy! Round responses

RECENT BOOKS
(Alex: [To Prashant] You have the right author and the wrong book. It is not that.)
PrashantWhat is Angels and Demons?
$4,000
LeahWhat is The Da Vinci Code?
$9,000
LindsayWhat is the Da Vinci Code?
$7,500
The Da Vinci Code

Final scores:

Lindsay Leah Prashant
$22,100 $21,000 $5,400
Automatic semifinalist 2nd place: $5,000 if eliminated 3rd place: $5,000 if eliminated

Game dynamics:

Coryat scores:

Lindsay Leah Prashant
$14,600 $11,200 $9,000
19 R,
2 W
17 R
(including 1 DD),
4 W
14 R
(including 1 DD),
5 W
(including 1 DD)

Combined Coryat: $34,800

[game clues] [game scores] [suggest correction]

Game tape date: 2010-01-05
The J! Archive is created by fans, for fans. Scraping, republication, monetization, and malicious use prohibited; this site may use cookies and collect identifying information. See terms. The Jeopardy! game show and all elements thereof, including but not limited to copyright and trademark thereto, are the property of Jeopardy Productions, Inc. and are protected under law. This website is not affiliated with, sponsored by, or operated by Jeopardy Productions, Inc. Join the discussion at JBoard.tv.